000 00585nam a2200193Ia 4500
003 GCL
008 140319s9999 xx 000 0 ara d
040 _aGCL /
_cGCL
082 0 4 _a622.42
_bم ت
100 1 _aمحمد هوبى رزوقى
245 1 0 _aالتبريد والتكييف والتطبيقات العملية /
_cمحمد هوبى رزوقى
260 _a[S.N] :
_bالدار العربية للعلوم ،
_c1989
300 _a183 ص
490 _a
650 0 4 _aالصيانة
650 0 4 _aالتبريد
650 0 4 _aتكييف الهواء
942 _2ddc
_cBK
999 _c34938
_d34938